Statistics for Every The 5th Dimension song that hit the Billboard hot 100

Click here to take the quiz!

General Stats

  • This quiz has been taken 5 times
  • The average score is 14 of 29

Answer Stats

Peak Chart PositionYearSong% Correct
11969Aquarius/Let The Sunshine In
100%
71967Up -- Up And Away
100%
11969Wedding Bell Blues
100%
21970One Less Bell To Answer
75%
131968Sweet Blindness
75%
271970Save The Country
75%
241970Puppet Man
50%
521973Ashes To Ashes
50%
421970The Girls' Song
50%
341967Paper Cup
50%
291968Carpet Man
50%
251969California Soul
50%
211970Blowing Away
50%
101972If I Could Reach You
50%
31968Stoned Soul Picnic
50%
201969Workin' On A Groovy Thing
50%
81972(Last Night) I Didn't Get To Sleep At All
50%
191971Love's Lines, Angles And Rhymes
50%
321973Living Together, Growing Together
25%
121971Never My Love
25%
371972Together Let's Find Love
25%
161967Go Where You Wanna Go
25%
431971Light Sings
25%
441967Another Day, Another Heartache
25%
541970On The Beach (In The Summertime)
25%
601970A Change Is Gonna Come & People Gotta Be Free/The Declaration
25%
701973Everything's Been Changed
25%
801976Love Hangover
25%
821974Flashback
25%

Score Distribution

Percentile by Number Answered

Percent of People with Each Score

Your Score History

You have not taken this quiz